Statistics for North American Airports with Transatlantic Flights

Click here to take the quiz!

General Stats

  • This quiz has been taken 761 times
    (181 since last reset)
  • The average score is 54 of 101

Answer Stats

Airlines with Transatlantic FlightsCity% Correct
Aer Lingus, Air France, Air India, Austrian Airlines, British Airways, Egyptair, El Al, Emirates, Ethiopian Airlines, French Bee, Icelandair, La Compagnie, LOT Polish Airlines, Lufthansa, Scandinavian Airlines, Swiss, TAP Portugal, Turkish Airlines, United AirlinesNewark
100%
Aer Lingus, Air Europa, Air France, Air India, Air Senegal, Air Serbia, American Airlines, Austrian Airlines, Azores Airlines, British Airways, Brussels Airlines, Condor, Delta Air Lines, Egyptair, El Al, Emirates, Ethiopian Airlines, Etihad, Finnair, Iberia, Icelandair, ITA Airways, JetBlue, Kenya Airways, KLM, Kuwait Airways, Level, LOT Polish Airlines, Lufthansa, Neos, Norse Atlantic Airways, Qatar Airways, Royal Air Maroc, Royal Jordanian, Saudia, Scandinavian Airlines, Singapore Airlines, Swiss, Turkish Airlines, Uzbekistan Airways, Virgin AtlanticNew York-JFK
99%
Aer Lingus, Air France, American Airlines, Azores Airlines, British Airways, Condor, Delta Air Lines, Iberia, ITA Airways, JetBlue, KLM, Lufthansa, Norse Atlantic Airways, PLAY, El Al, Swiss, TAP Air Portugal, Virgin Atlantic, Turkish Airlines, United Airlines, Icelandair, Level, Emirates, Qatar Airways, Scandinavian AirlinesBoston
94%
Air France, American Airlines, British Airways, Emirates, Finnair, Iberia, Lufthansa, Qatar Airways, Turkish AirlinesDallas/Fort Worth
94%
Aer Lingus, Air France, Air Tahiti Nui, American Airlines, Austrian Airlines, British Airways, Condor, Iberia, ITA Airways KLM, Level, LOT Polish Airlines, Lufthansa, Norse Atlantic Airways, Swiss, Virgin Atlantic, El Al, Emirates, Finnair, French Bee, Qatar Airways, Saudia, Scandinavian Airlines, Turkish Airlines, United AirlinesLos Angeles
94%
Aer Lingus, Air Europa, Air France, American Airlines, British Airways, El Al, Emirates, Finnair, French Bee, Iberia, ITA Airways, KLM, LOT Polish Airlines, Lufthansa, Qatar Airways, Royal Air Maroc, Scandinavian Airlines, TAP Portugal, Swiss, Turkish Airlines, Virgin AtlanticMiami
94%
Aer Lingus, Air France, British Airways, Condor, Emirates, French Bee, Iberia, ITA Airways, KLM, Level, Lufthansa, Norse Atlantic Airways, Qatar Airways, Scandinavian Airlines, Swiss, TAP Air Portugal, Turkish Airlines, United Airlines, Virgin AtlanticSan Francisco
93%
Air France, British Airways, Emirates, KLM, Lufthansa, Qatar Airways, Singapore Airlines, Turkish Airlines, United AirlinesHouston
92%
Aer Lingus, Air France, Air India, Austrian Airlines, British Airways, Brussels Airlines, Egyptair, Emirates, Ethiopian Airlines, Etihad Airways, Icelandair, ITA Airways, KLM, Lufthansa, Norse Atlantic Airways, PLAY, Qatar Airways, Royal Air Maroc, Saudia, Scandinavian Airlines, TAP Air Portugal, Turkish Airlines, United Airlines, Virgin AtlanticWashington-Dulles
92%
Atlantic Airways, PLAYNewburgh
90%
Aer Lingus, Air France, Air Tahiti Nui, American Airlines, British Airways, Condor, Delta Air Lines, Emirates, Finnair, Icelandair, Lufthansa, Qatar Airways, Turkish Airlines, Virgin AtlanticSeattle-Tacoma
90%
Air France, British Airways, Delta Air Lines, Ethiopian Airlines, KLM, Lufthansa, Qatar Airways, Turkish Airlines, Virgin AtlanticAtlanta
89%
Aer Lingus, Air France, Air India, Air Serbia, American Airlines, Austrian Airlines, British Airways, Ethiopian Airlines, Finnair, Iberia, KLM, Lufthansa, Swiss, Emirates, Etihad, Icelandair, LOT Polish Airlines, Qatar Airways, Royal Jordanian, Scandinavian Airlines, TAP Air Portugal, Turkish Airlines, United AirlinesChicago-O'Hare
87%
British Airways, LufthansaSan Diego
86%
Air France, British Airways, Edelweiss Air, Icelandair, Lufthansa, United AirlinesDenver
85%
Air France, Delta Air Lines, Icelandair, Lufthansa, Royal JordanianDetroit
85%
Aer Lingus, British Airways, Delta Air Lines, Eurowings Discover, Emirates, Icelandair, Norse Atlantic Airways, Virgin AtlanticOrlando-International
85%
American Airlines, LufthansaCharlotte
83%
Aer Lingus, American Airlines, British Airways, Eurowings Discover, Qatar AirwaysPhiladelphia
83%
Aer Lingus, Air Canada, Air France, Air Transat, Air India, Azores Airlines, Biman Bangladesh Airlines, British Airways, Condor, KLM, Lufthansa, TAP Air Portugal, Turkish Airlines, El Al, Emirates, Etihad, Ethiopian Airlines, LOT Polish Airlines, Egyptair, Icelandair, Pakistan Airlines, Royal Jordanian Airlines, Scandinavian Airlines, NeosToronto
83%
British Airways, Condor, Edelweiss Air, Eurowings Discover, Virgin AtlanticLas Vegas
82%
American Airlines, British Airways, CondorPhoenix
82%
British Airways, KLM, Lufthansa, Virgin AtlanticAustin
81%
British Airways, Edelweiss Air, Eurowings Discover, Virgin AtlanticTampa
81%
Air Canada, Air France, British Airways, Condor, Edelweiss Air, Icelandair, KLM, Lufthansa, Turkish AirlinesVancouver
81%
Air Algérie, Air Canada, Air France, Air Transat, Austrian Airlines, Azores Airlines, British Airways, Corsair International, Edelweiss Air, Emirates, Icelandair, KLM, Lufthansa, Qatar Airways, Royal Air Maroc, Royal Jordanian, Swiss, TAP Air Portugal, Tunisair, Turkish AirlinesMontreal
79%
British Airways, Condor, Delta Air Lines, IcelandairPortland
78%
Aeroméxico, Air France, British Airways, Emirates, Iberia, KLM, Lufthansa, Turkish AirlinesMexico City
76%
Condor, Delta Air Lines, Icelandair, KLMMinneapolis-St. Paul
76%
Delta Airlines, Eurowings Discover, KLMSalt Lake City
75%
British AirwaysSan Jose (CA)
75%
Air France, British Airways, Edelweiss Air, Iberia, Iberojet, KLM, LufthansaSan Jose (CR)
75%
Air Canada, Edelweiss Air, Eurowings Discover, KLM, WestJetCalgary
73%
British AirwaysNew Orleans
73%
British AirwaysNashville
72%
British Airways, Condor, Icelandair, PLAYBaltimore
70%
Air Caraïbes, Air Europa, Air France, Austrian Airlines, British Airways, Condor, Edelweiss Air, Eurowings Discover, Iberojet, KLM, Lufthansa, Neos, TAP Air Portugal, TUI Airways, TUI fly Belgium, TUI fly Netherlands, Turkish Airlines, Wamos Air, World2flyCancún
70%
Condor, KLMEdmonton
69%
Delta Air Lines, IcelandairRaleigh/Durham
68%
LufthansaSt. Louis
68%
El Al, Norse Atlantic AirwaysFort Lauderdale
67%
Air Europa, Air France, Condor, Cubana de Aviacíon, Edelweiss Air Finnair, Iberia, Iberojet, Neos, TAAG Angola Airlines, Turkish Airlines, World2flyHavana
67%
Air FranceOttawa
63%
British AirwaysPittsburgh
63%
AeroméxicoGuadalajara
61%
British Airways, Virgin AtlanticNassau
61%
Air France, Air TransatQuébec City
60%
Delta Air LinesIndianapolis
59%
Air Europa, Air France, Eurowings Discover, Iberia, KLM, Turkish AirlinesPanama City
59%
Air Europa, Condor, Iberia, World2flySanto Domingo
57%
Condor, Eurowings DiscoverAnchorage
56%
Air Canada, Condor, Eurowings DiscoverHalifax
55%
British AirwaysKingston
54%
British Airways, Delta Air LinesCincinnati
51%
IberiaSan Juan
51%
IberiaGuatemala City
49%
AeroméxicoMonterrey
49%
British Airways, KLMPort of Spain
49%
Air CaraïbesPort-au-Prince
47%
Air CaraïbesSan Salvador (Bahamas)
46%
IberiaSan Salvador (El Salvador)
46%
British Airways, KLM, TUI Airways, TUI fly Belgium, TUI fly NetherlandsAruba
41%
Aer LingusHartford
40%
Azores AirlinesOakland
39%
Air Caraïbes, Air Europa, British Airways, Condor, Corsair International, Edelweiss Air, Eurowings Discover, Iberojet, TUI Airways, TUI fly Belgium, TUI fly Netherlands, World2flyPunta Cana
38%
British Airways, TUI Airways, Virgin AtlanticSaint Lucia
38%
KLM, TUI fly NetherlandsCuraçao
35%
British Airways, Condor, Virgin AtlanticGrenada
35%
Air Belgium, Air Caraïbes, Air France, Corsair InternationalMartinique
35%
British AirwaysSaint Kitts
35%
Air Caraïbes, Air France, KLMSaint Martin
35%
Aer Lingus, British Airways, Condor, Eurowings Discover, KLM, TUI Airways, Virgin AtlanticBarbados
34%
Azores Airlines, British AirwaysBermuda
34%
Condor, Edelweiss Air, Neos, TUI Airways, TUI fly Belgium, TUI fly Netherlands, Virgin AtlanticMontego Bay
34%
Virgin AtlanticSaint Vincent
32%
British Airways, Virgin AtlanticAntigua
28%
Air Belgium, Air Caraïbes, Air France, Corsair InternationalPointe-à-Pitre
28%
Air Belgium, KLM, TUI fly NetherlandsBonaire
26%
Eurowings DiscoverFort Myers
26%
British AirwaysGrand Cayman
26%
IberojetLos Cabos
25%
PlayHamilton
23%
CondorWhitehorse
20%
CondorFairbanks
19%
Finnair, TUI AirwaysPuerto Vallarta
19%
Air EuropaSan Pedro Sula
19%
IberojetSantiago de Cuba
19%
Edelweiss Air, KLM, TUI AirwaysLiberia
18%
Condor, Edelweiss AirPuerto Plata
17%
NeosFreeport
16%
British Airways, CondorTobago
16%
Condor, Edelweiss Air, Iberojet, Neos, TUI Airways, TUI fly Belgium, TUI fly NetherlandsVaradero
16%
British Airways, Virgin AtlanticProvidenciales
15%
Air Saint-PierreSaint-Pierre
15%
Condor, Neos, TUI fly NetherlandsHolguín
11%
TUI AirwaysMelbourne
10%
NeosSanta Clara
8%
NeosCayo Largo
4%
Plus Ultra Líneas AéreasSamaná
4%
IberojetComayagua
2%
Azur Air, Neosomana
1%

Score Distribution

Percentile by Number Answered

Percent of People with Each Score

Your Score History

You have not taken this quiz since the last reset